Top 50 most important and famous people from New York - Statistics

General Stats
  • This quiz has been taken 88 times
  • The average score is 31 of 50
Answer Stats
Hint Answer % Correct
President from 2017 to 2021 Donald Trump
100%
President from 1933 to 1945 Franklin D. Roosevelt
92%
President from 1901 to 1909 Theodore Roosevelt
90%
Actor famous for his roles in Mission: Impossible and Top Gun Tom Cruise
90%
Founder of Facebook Mark Zuckerberg
87%
Creator of Hulk and Spider-Man Stan Lee
85%
Actor famous for his roles in Scarface and The Godfather Al Pacino
83%
The greatest basketball player of all time. He played 15 seasons in NBA and he won 6 NBA championships with Chicago Bulls Michael Jordan
83%
Female singer, Girls Just Want to Have Fun, Time After Time Cyndi Lauper
81%
Physicist, named the father of the atomic bomb for his role in the Manhattan Project J. Robert Oppenheimer
81%
Singer and actress, Bad Romance, Poker Face Lady Gaga
81%
Actor famous for his role in Braveheart and director of The Passion of the Christ Mel Gibson
81%
Actor famous for his roles in Taxi Driver and The Mission Robert De Niro
81%
Gangster of the Prohibition era Al Capone
79%
Actor and comedian famous for his roles in Beverly Hills Cop and Dr. Dolittle Eddie Murphy
79%
Female singer, All I Want For Christmas Is You, My All Mariah Carey
79%
Actor famous for his role as Iron Man in Marvel Cinematic Universe Robert Downey Jr.
79%
Director of A Clockwork Orange and 2001 A Space Odyssey Stanley Kubrick
79%
Rapper, Empire State Of Mind, Encore Jay-Z
77%
Actor famous for his roles in Night at the Museum and Zoolander Ben Stiller
73%
Rapper, In da Club, Candy Shop 50 Cent
71%
Actor famous for his roles in In a Lonely Place and Casablanca, winner of Academy Award in 1952 Humphrey Bogart
69%
Director of Goodfellas and The Wolf of Wall Street, winner of Academy Award in 2007 Martin Scorsese
69%
Actor famous for his roles in Malcolm X and Glory Denzel Washington
67%
Composer of the soundtrack of Star Wars and Harry Potter, five times winner of Academy Award John Williams
67%
Actor famous for his roles in Grown Ups and Big Daddy Adam Sandler
65%
Actress famous for her roles in The Devil Wears Prada and The Princess Diaries Anne Hathaway
65%
Actress famous for her roles in Funny Girl and A Star Is Born(1976) Barbra Streisand
65%
Business magnate. He has been considered the wealthiest American of all time and the richest person in modern history John D. Rockefeller
63%
Playwright, author of All My Sons, Death of a Salesman and The Crucible Arthur Miller
58%
One of the greatest heavyweight boxers of all time. He reigned as the undisputed world heavyweight champion from 1987 to 1990 Mike Tyson
58%
Actress famous for her roles in Black Widow and Lucy Scarlett Johansson
58%
Actor famous for his roles in Paths of Glory and Spartacus Kirk Douglas
56%
Female singer, No One, New York, Girl On Fire Alicia Keys
54%
The greatest American poet, author of O Captain! My Captain! Walt Whitman
54%
Rapper, Big Poppa, Juicy The Notorious B.I.G.
52%
Singer, Honesty, Just The Way You Are Billy Joel
40%
Basketball player who played 20 seasons in NBA in 1970s/1980s for Milwaukee Bucks and Los Angeles Lakers. 6 times winner of NBA Kareem Abdul-Jabbar
40%
Rapper, All Eyez on Me, Hit Em Up Tupac Shakur
40%
Female singer, On the Floor, Let’s get Loud Jennifer Lopez
38%
Director of Halloween and The Thing John Carpenter
37%
Actress famous for her roles in Coming Home and Klute Jane Fonda
33%
Baseball player who played 22 seasons in MLB for the Seattle Mariners, Texas Rangers and New York Yankees in 1990s/2000s Alex Rodriguez
31%
Female singer, Hurt, Beautiful Christina Aguilera
31%
Actor famous for his roles From Here to Eternity and The Leopard Burt Lancaster
29%
American Football player who played 9 seasons for New England Patriots, 4 times winner of Super Bowl Rob Gronkowski
29%
Actress famous for her roles in The Lady from Shanghai and Gilda Rita Hayworth
17%
Theoretical physicist, known for his work in the path integral formulation of quantum mechanics and the theory of quantum electrodynamic Richard Feynman
13%
Female singer, Try Again, More Than A Woman Aaliyah
12%
Rapper, I Like You, Goodbyes Post Malone
12%
No matching quizzes found
Score Distribution
Percent of People with Each Score
Percentile by Number Answered
Your Score History
You have not taken this quiz